000 00432nam a2200169Ia 4500
005 20250423100818.0
008 250422s9999 xx 000 0 und d
020 _a0- 205- 34054- 7
050 _aBF76.5 .S433
100 _aAlan Morrison
245 0 _aResearch stories for life span development
260 _bDevelopmental psychology
260 _c2002
300 _a338 p
650 _aDevelopmental psychology
942 _cBK
999 _c34412
_d34412